[Event "NAYCC U08"]
[Site "Toronto CAN"]
[Date "2013.08.15"]
[Round "2"]
[White "Kong, Brandon"]
[Black "Shi, Stephen"]
[Result "1-0"]
[WhiteElo "832"]
[BlackElo "581"]
[PlyCount "43"]
[GameId "2160767909250266"]
[EventDate "2013.08.14"]
[EventType "swiss"]
[EventRounds "9"]
[EventCountry "CAN"]
[SourceTitle "EXT 2022"]
[Source "ChessBase"]
[SourceDate "2021.10.06"]
[SourceVersion "1"]
[SourceVersionDate "2021.10.06"]
[SourceQuality "1"]

1. e4 e5 2. Nf3 Nc6 3. d4 Bb4+ 4. c3 Qh4 5. Nxh4 Nxd4 6. cxb4 Nf6 7. Nc3 O-O 8. f4 d6 9. Bc4 Bg4 10. Be2 Bxe2 11. Nxe2 Nxe2 12. Qxe2 exf4 13. Bxf4 Rae8 14. O-O Rxe4 15. Qf3 Rfe8 16. Nf5 Re1 17. Rfxe1 Rxe1+ 18. Rxe1 g6 19. Bh6 gxf5 20. Qxf5 Nd7 21. Re8+ Nf8 22. Rxf8# 1-0

[Event "NAYCC U08"]
[Site "Toronto CAN"]
[Date "2013.08.15"]
[Round "2"]
[White "Liu, Owen"]
[Black "Kulic, Mateo"]
[Result "0-1"]
[WhiteElo "571"]
[BlackElo "769"]
[PlyCount "56"]
[GameId "2160767909250267"]
[EventDate "2013.08.14"]
[EventType "swiss"]
[EventRounds "9"]
[EventCountry "CAN"]
[SourceTitle "EXT 2022"]
[Source "ChessBase"]
[SourceDate "2021.10.06"]
[SourceVersion "1"]
[SourceVersionDate "2021.10.06"]
[SourceQuality "1"]

1. e4 c5 2. Nf3 Nc6 3. d4 cxd4 4. Nxd4 Nf6 5. Nc3 e5 6. Ndb5 d6 7. Bg5 a6 8. Na3 b5 9. Nd5 Be7 10. c4 b4 11. Nc2 a5 12. Bxf6 Bxf6 13. g3 O-O 14. Bg2 Ba6 15. Nce3 Bg5 16. O-O Bxe3 17. b3 Bd4 18. Rb1 Ne7 19. Nxe7+ Qxe7 20. Qh5 h6 21. a4 bxa3 22. Ra1 Bxa1 23. Rxa1 Qg5 24. Qxg5 hxg5 25. Rxa3 Rab8 26. Rxa5 Bc8 27. Ra3 Bd7 28. Bf1 Ra8 0-1

[Event "NAYCC U08"]
[Site "Toronto CAN"]
[Date "2013.08.15"]
[Round "2"]
[White "Low, Kevin"]
[Black "Tang, Matthew"]
[Result "1/2-1/2"]
[WhiteElo "1451"]
[BlackElo "1031"]
[PlyCount "123"]
[GameId "2160767909250268"]
[EventDate "2013.08.14"]
[EventType "swiss"]
[EventRounds "9"]
[EventCountry "CAN"]
[SourceTitle "EXT 2022"]
[Source "ChessBase"]
[SourceDate "2021.10.06"]
[SourceVersion "1"]
[SourceVersionDate "2021.10.06"]
[SourceQuality "1"]

1. e4 e5 2. Nf3 Nc6 3. Bc4 Nf6 4. d3 Bc5 5. c3 O-O 6. O-O d6 7. Nbd2 Be6 8. Bxe6 fxe6 9. b4 Bb6 10. a4 a5 11. b5 Ne7 12. Qb3 Qd7 13. Ba3 h6 14. Nc4 Ng6 15. Bxd6 Rfe8 16. Nxb6 cxb6 17. Bxe5 Qxd3 18. Bxf6 gxf6 19. Rfe1 Rac8 20. Re3 Qc4 21. Qxc4 Rxc4 22. Nd4 e5 23. Nf5 Rd8 24. Nxh6+ Kh7 25. Nf5 Rc7 26. Kf1 Ne7 27. Rh3+ Kg8 28. Rg3+ Kf8 29. Rg7 Rdd7 30. Rxe7 Rxe7 31. Nxe7 Rxe7 32. Ke2 Rc7 33. Rc1 Rc4 34. Rd1 Rxe4+ 35. Kf3 Rc4 36. Rd6 Rxc3+ 37. Ke2 Ke7 38. Rxb6 Rc7 39. g4 Kf7 40. h4 Rc2+ 41. Kf3 Rc3+ 42. Kg2 Rc7 43. Kg3 Rc3+ 44. Kg2 Rc7 45. h5 Kg7 46. Kh3 Rc3+ 47. Kh4 Rc7 48. g5 Rc4+ 49. Kg3 fxg5 50. Rg6+ Kh7 51. Rxg5 Rxa4 52. Rxe5 Ra3+ 53. Kg2 Kh6 54. b6 Rb3 55. Rxa5 Rxb6 56. Kg3 Rb4 57. Rf5 b5 58. Rf4 Rxf4 59. Kxf4 b4 60. Ke3 Kxh5 61. Kd4 Kg4 62. Kc4 1/2-1/2

[Event "NAYCC U08"]
[Site "Toronto CAN"]
[Date "2013.08.15"]
[Round "2"]
[White "Lu, Maximillian"]
[Black "Trakru, Rohun"]
[Result "1-0"]
[WhiteElo "1655"]
[BlackElo "1372"]
[PlyCount "59"]
[GameId "2160767909250269"]
[EventDate "2013.08.14"]
[EventType "swiss"]
[EventRounds "9"]
[EventCountry "CAN"]
[SourceTitle "EXT 2022"]
[Source "ChessBase"]
[SourceDate "2021.10.06"]
[SourceVersion "1"]
[SourceVersionDate "2021.10.06"]
[SourceQuality "1"]

1. e4 c5 2. c3 d5 3. exd5 Qxd5 4. d4 Nc6 5. Nf3 e6 6. Na3 a6 7. Nc4 Nf6 8. Bd3 Qd8 9. Nce5 Nxe5 10. Nxe5 Be7 11. O-O O-O 12. Bc2 Bd6 13. Bg5 Bxe5 14. dxe5 Qxd1 15. Raxd1 Nd7 16. Be7 Re8 17. Bd6 h6 18. f4 b6 19. Be4 Ra7 20. Bc6 a5 21. a4 Ba6 22. Rf2 Rc8 23. Be4 g6 24. Rfd2 Kg7 25. Be7 Nf8 26. Bd8 Bc4 27. Bxb6 Ra6 28. Bb7 Rb8 29. Bxa6 Rxb6 30. Bxc4 1-0

[Event "NAYCC U08"]
[Site "Toronto CAN"]
[Date "2013.08.15"]
[Round "2"]
[White "Luo, Owen"]
[Black "Xu, Derrick"]
[Result "1-0"]
[WhiteElo "992"]
[BlackElo "627"]
[PlyCount "111"]
[GameId "2160767909250270"]
[EventDate "2013.08.14"]
[EventType "swiss"]
[EventRounds "9"]
[EventCountry "CAN"]
[SourceTitle "EXT 2022"]
[Source "ChessBase"]
[SourceDate "2021.10.06"]
[SourceVersion "1"]
[SourceVersionDate "2021.10.06"]
[SourceQuality "1"]

1. e4 e5 2. Nf3 Nc6 3. d4 Nf6 4. Bc4 h6 5. O-O Bd6 6. Nc3 exd4 7. Nxd4 O-O 8. Nd5 Nxd5 9. exd5 Nxd4 10. Qxd4 c5 11. Qd3 Qh4 12. g3 Qh3 13. Be3 Re8 14. Rae1 Re5 15. Bf4 Rh5 16. Re8+ Bf8 17. g4 Qxg4+ 18. Bg3 Rh3 19. Kh1 d6 20. Rg1 Bf5 21. Qe3 Rxe8 22. Qxe8 Qf3+ 23. Rg2 Be4 24. Bf1 Bxc2 25. Bxd6 Qxf2 26. Rxf2 Rh5 27. Rxc2 Rxd5 28. Qxf8+ Kh7 29. Bd3+ Rxd3 30. Be5 Rd1+ 31. Kg2 f6 32. Rf2 fxe5 33. Rf7 Rd2+ 34. Kg3 Rd3+ 35. Kf2 Rd2+ 36. Ke3 Rg2 37. Kf3 Rg6 38. h4 Rf6+ 39. Kg3 Rxf7 40. Qxf7 e4 41. Kf4 e3 42. Kxe3 b5 43. Qxa7 c4 44. Qc5 g5 45. hxg5 hxg5 46. Qxg5 b4 47. b3 c3 48. Qc5 c2 49. Qxc2+ Kg7 50. Kf4 Kf7 51. Qc6 Ke7 52. Ke5 Kf8 53. Qb7 Kg8 54. Kf6 Kh8 55. Kg6 Kg8 56. Qb8# 1-0

[Event "NAYCC U08"]
[Site "Toronto CAN"]
[Date "2013.08.15"]
[Round "2"]
[White "Medina, Benjamin R"]
[Black "Doknjas, Neil"]
[Result "1-0"]
[WhiteElo "1606"]
[BlackElo "1281"]
[PlyCount "117"]
[GameId "2160767909250271"]
[EventDate "2013.08.14"]
[EventType "swiss"]
[EventRounds "9"]
[EventCountry "CAN"]
[SourceTitle "EXT 2022"]
[Source "ChessBase"]
[SourceDate "2021.10.06"]
[SourceVersion "1"]
[SourceVersionDate "2021.10.06"]
[SourceQuality "1"]

1. e4 e5 2. Nf3 Nf6 3. Nxe5 Qe7 4. Nf3 Nxe4 5. Be2 Nc6 6. O-O d5 7. Re1 Be6 8. Bb5 Qc5 9. Bxc6+ Qxc6 10. d3 Nf6 11. Nd4 Qb6 12. Nxe6 fxe6 13. Qe2 Kf7 14. Nc3 Bb4 15. Bd2 Bxc3 16. Bxc3 d4 17. Bd2 Rad8 18. b3 Qc6 19. Bg5 h5 20. Bf4 h4 21. h3 Rdg8 22. Qe5 Nd7 23. Qxd4 g5 24. Bd2 e5 25. Qc4+ Qxc4 26. dxc4 g4 27. Kh2 g3+ 28. Kg1 gxf2+ 29. Kxf2 Ke6 30. Bc3 Rh5 31. Re4 Rf5+ 32. Kg1 Rf3 33. Be1 Rxh3 34. Rxh4 Rxh4 35. Bxh4 Nc5 36. Bf2 Ne4 37. Re1 Nxf2 38. Kxf2 Kf5 39. Kf3 Rg4 40. Rxe5+ Kxe5 41. Kxg4 Kd4 42. Kf5 Kc3 43. g4 Kxc2 44. g5 Kb2 45. g6 Kxa2 46. g7 Kxb3 47. g8=Q c5 48. Ke4 a5 49. Kd5 Kb4 50. Qb8 a4 51. Qxb7+ Kc3 52. Kxc5 a3 53. Qb4+ Kc2 54. Qxa3 Kb1 55. Kb4 Kc2 56. Qc3+ Kb1 57. Qd2 Ka1 58. Ka3 Kb1 59. Qb2# 1-0

[Event "NAYCC U08"]
[Site "Toronto CAN"]
[Date "2013.08.15"]
[Round "2"]
[White "Mills, Torin"]
[Black "Mo, Aidan"]
[Result "0-1"]
[WhiteElo "626"]
[BlackElo "1002"]
[PlyCount "38"]
[GameId "2160767909250272"]
[EventDate "2013.08.14"]
[EventType "swiss"]
[EventRounds "9"]
[EventCountry "CAN"]
[SourceTitle "EXT 2022"]
[Source "ChessBase"]
[SourceDate "2021.10.06"]
[SourceVersion "1"]
[SourceVersionDate "2021.10.06"]
[SourceQuality "1"]

1. d4 d5 2. Nc3 c5 3. Nf3 Nc6 4. e3 Bg4 5. Be2 e6 6. h3 Bf5 7. Bd3 Bxd3 8. Qxd3 c4 9. Qe2 Bd6 10. Bd2 Nf6 11. O-O-O O-O 12. e4 Re8 13. Rhe1 a5 14. Nb5 Bb4 15. Bxb4 axb4 16. Kb1 Qa5 17. Nd6 Qxa2+ 18. Kc1 c3 19. Nxe8 Qa1# 0-1

[Event "NAYCC U08"]
[Site "Toronto CAN"]
[Date "2013.08.15"]
[Round "2"]
[White "Noorali, Aahil"]
[Black "Hawthorn, Henry"]
[Result "1-0"]
[WhiteElo "1332"]
[BlackElo "1668"]
[PlyCount "81"]
[GameId "2160767909250273"]
[EventDate "2013.08.14"]
[EventType "swiss"]
[EventRounds "9"]
[EventCountry "CAN"]

1. e4 c5 2. Nf3 d6 3. c3 Nf6 4. Be2 Nxe4 5. Qa4+ Nc6 6. Qxe4 g6 7. O-O Bg7 8. d3 Bf5 9. Qa4 O-O 10. Be3 Qc7 11. Nbd2 a6 12. Rfe1 b5 13. Qd1 Rab8 14. a3 a5 15. Nh4 Be6 16. Qc2 f5 17. Bf3 Bf7 18. Bxc6 Qxc6 19. Nb3 a4 20. Nd2 Bf6 21. Nhf3 Bg7 22. Ng5 Bd5 23. Ngf3 f4 24. c4 Bxf3 25. Nxf3 fxe3 26. Rxe3 bxc4 27. Qxc4+ d5 28. Qh4 Rxb2 29. Ng5 h5 30. Nf3 Rb7 31. Rae1 Bf6 32. Qg3 Kh7 33. Ng5+ Kh6 34. Ne6 Rg8 35. Rc1 Rb5 36. h4 Qb6 37. Qf4+ Kh7 38. Ng5+ Kg7 39. Rxe7+ Kf8 40. Rce1 Rb1 41. Rf7# 1-0

[Event "NAYCC U08"]
[Site "Toronto CAN"]
[Date "2013.08.15"]
[Round "2"]
[White "Pau, Ethan"]
[Black "Xu, Bernie"]
[Result "1-0"]
[WhiteElo "1535"]
[BlackElo "1123"]
[PlyCount "131"]
[GameId "2160767909250274"]
[EventDate "2013.08.14"]
[EventType "swiss"]
[EventRounds "9"]
[EventCountry "CAN"]
[SourceTitle "EXT 2022"]
[Source "ChessBase"]
[SourceDate "2021.10.06"]
[SourceVersion "1"]
[SourceVersionDate "2021.10.06"]
[SourceQuality "1"]

1. e4 e6 2. d4 d5 3. Nd2 Bb4 4. c3 Ba5 5. Bd3 Ne7 6. Ne2 O-O 7. O-O Bb6 8. Qc2 c5 9. exd5 exd5 10. Bxh7+ Kh8 11. Bd3 c4 12. Nxc4 dxc4 13. Bxc4 Bf5 14. Qd1 Nd7 15. Ng3 Bg6 16. Re1 Re8 17. Qg4 Qc7 18. Bb5 f5 19. Qh4+ Kg8 20. Rxe7 f4 21. Bxf4 Qd8 22. Rxe8+ Qxe8 23. Qg4 Rd8 24. Bg5 Ra8 25. Qxd7 a6 26. Qxe8+ Bxe8 27. Bc4+ Bf7 28. Bxf7+ Kxf7 29. h3 Re8 30. Bd2 Bc7 31. Re1 Bxg3 32. fxg3 Rh8 33. Kf2 Rh5 34. g4 Ra5 35. a3 Rd5 36. b4 Rd6 37. Re4 Kg6 38. c4 Rf6+ 39. Kg3 Kh7 40. d5 g6 41. Re7+ Kg8 42. Rxb7 Rd6 43. Kf4 Rd8 44. Rb6 Kg7 45. Rxa6 Rf8+ 46. Kg3 Rf7 47. Bc3+ Kh6 48. b5 Rc7 49. Rc6 Rd7 50. Bb4 Kg7 51. b6 Re7 52. Rc7 Rf7 53. Rxf7+ Kxf7 54. b7 g5 55. b8=Q Kf6 56. d6 Ke6 57. c5 Kd7 58. Qc7+ Ke6 59. Qe7+ Kd5 60. d7 Kc4 61. d8=Q Kb3 62. Qd3+ Kb2 63. Qee2+ Kc1 64. Qdd2+ Kb1 65. Qed3+ Ka1 66. Bc3# 1-0

[Event "NAYCC U08"]
[Site "Toronto CAN"]
[Date "2013.08.15"]
[Round "2"]
[White "Radin, Andrew"]
[Black "Jeyakumar, Bhavatharshan"]
[Result "1-0"]
[WhiteElo "766"]
[BlackElo "558"]
[PlyCount "81"]
[GameId "2160767909250275"]
[EventDate "2013.08.14"]
[EventType "swiss"]
[EventRounds "9"]
[EventCountry "CAN"]
[SourceTitle "EXT 2022"]
[Source "ChessBase"]
[SourceDate "2021.10.06"]
[SourceVersion "1"]
[SourceVersionDate "2021.10.06"]
[SourceQuality "1"]

1. e4 e5 2. Nf3 Nc6 3. Be2 Nf6 4. Nc3 Bb4 5. O-O Nxe4 6. Nxe4 d5 7. Nc3 Bxc3 8. dxc3 Qf6 9. Bg5 Qd6 10. Bb5 h6 11. Bh4 Qg6 12. Nxe5 Qd6 13. Re1 O-O 14. Nxc6 bxc6 15. Bd3 c5 16. Be7 Qd7 17. Bxf8 Kxf8 18. c4 Bb7 19. cxd5 Bxd5 20. Be4 Rd8 21. Qxd5 Qxd5 22. Bxd5 Rxd5 23. Re2 Kg8 24. h3 c4 25. Re7 Rd2 26. Rc1 Rd6 27. Rxc7 Ra6 28. Rxc4 Rxa2 29. b4 a6 30. Rc8+ Kh7 31. Rb8 a5 32. bxa5 Rxa5 33. c4 Rc5 34. Rb5 Rxb5 35. cxb5 f5 36. b6 g5 37. b7 g4 38. b8=Q gxh3 39. Rc6 hxg2 40. Qb7+ Kg8 41. Rc8# 1-0

[Event "NAYCC U08"]
[Site "Toronto CAN"]
[Date "2013.08.15"]
[Round "2"]
[White "Sun, Frank"]
[Black "Hung, Daniel1"]
[Result "0-1"]
[WhiteElo "1097"]
[BlackElo "1598"]
[PlyCount "26"]
[GameId "2160767909250276"]
[EventDate "2013.08.14"]
[EventType "swiss"]
[EventRounds "9"]
[EventCountry "CAN"]
[SourceTitle "EXT 2022"]
[Source "ChessBase"]
[SourceDate "2021.10.06"]
[SourceVersion "1"]
[SourceVersionDate "2021.10.06"]
[SourceQuality "1"]

1. d4 d5 2. c4 c6 3. Nc3 Nf6 4. Nf3 e6 5. Bg5 h6 6. Bxf6 Qxf6 7. e3 Nd7 8. c5 e5 9. dxe5 Nxe5 10. Nxe5 Qxe5 11. Bd3 Bxc5 12. O-O Bd6 13. Qd2 Qxh2# 0-1

[Event "NAYCC U08"]
[Site "Toronto CAN"]
[Date "2013.08.15"]
[Round "2"]
[White "Tang, Andrew"]
[Black "Wu, Nicholas"]
[Result "1-0"]
[WhiteElo "1593"]
[BlackElo "1194"]
[PlyCount "132"]
[GameId "2160767909250277"]
[EventDate "2013.08.14"]
[EventType "swiss"]
[EventRounds "9"]
[EventCountry "CAN"]
[SourceTitle "EXT 2022"]
[Source "ChessBase"]
[SourceDate "2021.10.06"]
[SourceVersion "1"]
[SourceVersionDate "2021.10.06"]
[SourceQuality "1"]

1. e4 e5 2. Nf3 Nc6 3. Bc4 Bc5 4. Nc3 Nf6 5. O-O O-O 6. d3 h6 7. Be3 Bb6 8. Bxb6 axb6 9. Qd2 d6 10. h3 Be6 11. Bd5 Bxd5 12. Nxd5 Nxd5 13. exd5 Ne7 14. c4 Ng6 15. Kh2 Qf6 16. Qe2 Nf4 17. Qd1 Qg6 18. g3 Nxd3 19. Nh4 Qh7 20. b3 Nb4 21. a3 Nc2 22. Ra2 Nxa3 23. Qc1 Qd3 24. Rb2 b5 25. Rd1 Qh7 26. Ra2 b4 27. Qd2 Nb1 28. Qc2 Rxa2 29. Qxh7+ Kxh7 30. Rxb1 Rxf2+ 31. Kg1 Ra2 32. Nf3 e4 33. Nd4 Rd2 34. Nb5 c5 35. Nxd6 e3 36. Re1 f5 37. Rxe3 f4 38. gxf4 Rxf4 39. Nxb7 Rfd4 40. Nxc5 Rb2 41. Re1 Rdd2 42. Ne4 Rg2+ 43. Kf1 Rh2 44. Kg1 Rxh3 45. d6 Rd3 46. c5 Rbxb3 47. c6 Ra3 48. Rc1 Ra8 49. d7 b3 50. Nc5 Rf3 51. Nxb3 Rff8 52. c7 Rac8 53. dxc8=Q Rxc8 54. Nd4 g5 55. Nb5 Kg6 56. Nd6 Rxc7 57. Rxc7 h5 58. Ne4 g4 59. Kg2 Kf5 60. Ng3+ Kg5 61. Rc5+ Kf4 62. Nxh5+ Ke4 63. Rc4+ Kf5 64. Kg3 Kg5 65. Rxg4+ Kxh5 66. Kf4 Kh6 1-0

[Event "NAYCC U08"]
[Site "Toronto CAN"]
[Date "2013.08.15"]
[Round "2"]
[White "Walters, Joshua"]
[Black "Rusonik, Max"]
[Result "0-1"]
[WhiteElo "290"]
[BlackElo "650"]
[PlyCount "45"]
[GameId "2160767739919885"]
[EventDate "2013.08.14"]
[EventType "swiss"]
[EventRounds "9"]
[EventCountry "CAN"]
[SourceTitle "EXT 2022"]
[Source "ChessBase"]
[SourceDate "2021.10.06"]
[SourceVersion "1"]
[SourceVersionDate "2021.10.06"]
[SourceQuality "1"]

1. e4 e5 2. Bc4 Nf6 3. Nh3 Nxe4 4. f3 Nd6 5. Bd5 Nc6 6. Bxc6 dxc6 7. Qe2 Qe7 8. Qd3 Bf5 9. Qe3 Bxc2 10. Na3 Bg6 11. Ng5 Nf5 12. Qg1 Qxg5 13. f4 Qxf4 14. g4 Qd4 15. d3 Qxg1+ 16. Rxg1 Bc5 17. Rg3 O-O-O 18. Bg5 f6 19. Bd2 Rxd3 20. Nc4 Nd6 21. Nxd6+ cxd6 22. Ba5 b6 23. Bd2 {...} 0-1

[Event "NAYCC U08"]
[Site "Toronto CAN"]
[Date "2013.08.15"]
[Round "2"]
[White "Whittingham, Dieter"]
[Black "Guipi Bopala, Prince Eric jr"]
[Result "0-1"]
[WhiteElo "625"]
[BlackElo "930"]
[PlyCount "84"]
[GameId "2160767909250278"]
[EventDate "2013.08.14"]
[EventType "swiss"]
[EventRounds "9"]
[EventCountry "CAN"]
[SourceTitle "EXT 2022"]
[Source "ChessBase"]
[SourceDate "2021.10.06"]
[SourceVersion "1"]
[SourceVersionDate "2021.10.06"]
[SourceQuality "1"]

1. e4 c5 2. Nf3 d6 3. d4 cxd4 4. Nxd4 Nf6 5. Nc3 g6 6. f3 Bg7 7. Be3 O-O 8. Qd2 Nc6 9. O-O-O Bd7 10. Bc4 Rc8 11. g4 Ne5 12. Bb3 Nc4 13. Bxc4 Rxc4 14. Bh6 Qa5 15. Kb1 Rfc8 16. Nb3 Qb4 17. Bxg7 Kxg7 18. Qg2 a5 19. h4 a4 20. g5 Nh5 21. Nd5 Qb5 22. Nd4 Qc5 23. c3 Kf8 24. b4 Qa7 25. Qf2 Qa6 26. Qe2 Ng3 27. Qe3 Nxh1 28. h5 Ng3 29. hxg6 hxg6 30. Nf5 Bxf5 31. exf5 Nxf5 32. Qg1 R8c6 33. Qh1 Kg8 34. Qh3 Rh4 35. Qg2 Kf8 36. Re1 Qd3+ 37. Ka1 Qxd5 38. Qf2 Rxc3 39. Qa7 Rxb4 40. Qf2 Rxf3 41. Qh2 Qd4+ 42. Qb2 Qxb2# 0-1

[Event "NAYCC U08"]
[Site "Toronto CAN"]
[Date "2013.08.15"]
[Round "2"]
[White "Xu, Sivan"]
[Black "Lu, Michael"]
[Result "1-0"]
[WhiteElo "694"]
[BlackElo "356"]
[PlyCount "111"]
[GameId "2160767909250279"]
[EventDate "2013.08.14"]
[EventType "swiss"]
[EventRounds "9"]
[EventCountry "CAN"]
[SourceTitle "EXT 2022"]
[Source "ChessBase"]
[SourceDate "2021.10.06"]
[SourceVersion "1"]
[SourceVersionDate "2021.10.06"]
[SourceQuality "1"]

1. e4 c5 2. Nf3 d6 3. Nc3 Nc6 4. Bc4 Nf6 5. d3 Bg4 6. h3 Bh5 7. g4 Bg6 8. Be3 e6 9. Qd2 d5 10. exd5 exd5 11. Bb5 d4 12. Ne5 a6 13. Nxc6 Qb6 14. Na4 axb5 15. Nxb6 Bd6 16. Nxa8 O-O 17. Bh6 gxh6 18. Qxh6 Rxa8 19. h4 Nxg4 20. Qg5 h5 21. Nd8 Kh7 22. Nxb7 Re8+ 23. Kf1 Nh2+ 24. Kg1 Nf3+ 25. Kf1 Nxg5 26. hxg5 Bf4 27. Re1 Rxe1+ 28. Kxe1 Bxg5 29. Nxc5 b4 30. Nd7 Be7 31. Ne5 Bf5 32. Rxh5+ Kg7 33. Rxf5 f6 34. Nc6 Bf8 35. Rf4 Bc5 36. Nxd4 Kg6 37. Ne6 Bd6 38. Rg4+ Kf5 39. Re4 Be5 40. Nc5 Bxb2 41. Rxb4 Bc3+ 42. Ke2 Bxb4 43. d4 Kg6 44. Kd3 Kf7 45. c3 Ba5 46. f4 Ke7 47. Nb7 Bb6 48. a4 Kd7 49. a5 Ba7 50. a6 Kc7 51. Ke4 Kd7 52. c4 Ke6 53. d5+ Kf7 54. d6 Ke8 55. c5 Kd7 56. Kf5 1-0

[Event "NAYCC U08"]
[Site "Toronto CAN"]
[Date "2013.08.15"]
[Round "2"]
[White "Zhao, Jonathan"]
[Black "Palusa, Maurya"]
[Result "1-0"]
[WhiteElo "1196"]
[BlackElo "1624"]
[PlyCount "115"]
[GameId "2160767909250280"]
[EventDate "2013.08.14"]
[EventType "swiss"]
[EventRounds "9"]
[EventCountry "CAN"]
[SourceTitle "EXT 2022"]
[Source "ChessBase"]
[SourceDate "2021.10.06"]
[SourceVersion "1"]
[SourceVersionDate "2021.10.06"]
[SourceQuality "1"]

1. d4 Nf6 2. Nf3 g6 3. Nbd2 Bg7 4. e4 d6 5. Bd3 O-O 6. O-O e5 7. dxe5 dxe5 8. Nxe5 Nxe4 9. Nxf7 Rxf7 10. Nxe4 Rd7 11. Qf3 Kh8 12. Ng5 Bf6 13. Rb1 Nc6 14. Ne4 Bg7 15. Re1 Ne5 16. Qe2 Nxd3 17. Bg5 Qf8 18. cxd3 b6 19. Qc2 Ba6 20. Red1 Qf5 21. f3 Bb7 22. Be3 Rad8 23. Bg5 Bd4+ 24. Kh1 Re8 25. Bd2 Be5 26. Bc3 Red8 27. Ng3 Qf6 28. Bxe5 Qxe5 29. b4 Ba6 30. Rb3 Rxd3 31. Rbb1 Qd5 32. Rxd3 Bxd3 33. Qb2+ Kg8 34. Rd1 Re8 35. Ne4 Qb5 36. Nf6+ Kf8 37. Nxe8 Kxe8 38. Qh8+ Ke7 39. Qxh7+ Kf6 40. Qxc7 Qxb4 41. Qc6+ Ke5 42. Qc1 Bf5 43. Qa1+ Ke6 44. Re1+ Kf7 45. Qe5 Bd7 46. Qd5+ Kf8 47. Rd1 Ba4 48. Rc1 Qf4 49. Rc4 Qe3 50. Qd6+ Kg7 51. h3 Bb5 52. Rg4 Qc1+ 53. Kh2 Qe3 54. Rxg6+ Kh7 55. Re6 Qc1 56. Qe7+ Kh8 57. Qf8+ Kh7 58. f4 1-0

[Event "NAYCC U08"]
[Site "Toronto CAN"]
[Date "2013.08.15"]
[Round "2"]
[White "Zhu, Max"]
[Black "Sydykhanov, Arman"]
[Result "1-0"]
[WhiteElo "880"]
[BlackElo "620"]
[PlyCount "91"]
[GameId "2160767909250281"]
[EventDate "2013.08.14"]
[EventType "swiss"]
[EventRounds "9"]
[EventCountry "CAN"]
[SourceTitle "EXT 2022"]
[Source "ChessBase"]
[SourceDate "2021.10.06"]
[SourceVersion "1"]
[SourceVersionDate "2021.10.06"]
[SourceQuality "1"]

1. e4 e5 2. Nf3 Nc6 3. Bc4 Bc5 4. O-O Nf6 5. Nc3 d6 6. h3 O-O 7. d3 h6 8. a3 Be6 9. Bb3 Nd4 10. Be3 Nxb3 11. cxb3 Bb6 12. b4 Re8 13. a4 a6 14. a5 Ba7 15. Bxa7 Rxa7 16. b5 Nd7 17. bxa6 bxa6 18. b4 c6 19. d4 exd4 20. Nxd4 Bc4 21. Nxc6 Qc7 22. Nxa7 Bxf1 23. Qxf1 Qxa7 24. b5 Qc5 25. Rc1 axb5 26. Nxb5 Qb4 27. a6 Qa5 28. Nxd6 Re6 29. Ra1 Qc7 30. a7 Nb6 31. a8=Q+ Nxa8 32. Rxa8+ Kh7 33. Nb5 Qc6 34. Ra4 Qc3 35. Rc4 Qb3 36. Nd4 Qb6 37. Nxe6 Qxe6 38. Qd3 Qa6 39. e5+ Kg8 40. Qc3 Qb5 41. Qd3 Qa6 42. Kh2 g5 43. h4 gxh4 44. Qd8+ Kg7 45. Rg4+ Kh7 46. Qg8# 1-0

[Event "NAYCC U08"]
[Site "Toronto CAN"]
[Date "2013.08.15"]
[Round "3"]
[White "Bayaraa, Chinguun"]
[Black "Pau, Ethan"]
[Result "1-0"]
[WhiteElo "1729"]
[BlackElo "1535"]
[PlyCount "99"]
[GameId "2160767909250282"]
[EventDate "2013.08.14"]
[EventType "swiss"]
[EventRounds "9"]
[EventCountry "CAN"]

1. d4 d5 2. c4 e6 3. Nc3 Nf6 4. Bg5 Be7 5. e3 Nc6 6. Nf3 h6 7. Bh4 O-O 8. Rc1 Re8 9. Bd3 Ng4 10. Bxe7 Rxe7 11. h3 Nf6 12. O-O Nb4 13. Be2 Nc6 14. a3 a5 15. cxd5 exd5 16. Bb5 Na7 17. Ba4 Rb8 18. Nb5 Nxb5 19. Bxb5 c6 20. Bd3 Bd7 21. Qd2 Ne4 22. Bxe4 dxe4 23. Ne5 f5 24. Nc4 a4 25. Qb4 b5 26. Ne5 Re6 27. f3 exf3 28. Rxf3 Qc7 29. Rxf5 Rg6 30. Nxg6 Qg3 31. Ne7+ Kh7 32. Rf3 Qg5 33. Qd6 Rd8 34. Qe5 Qxe5 35. dxe5 Re8 36. Nxc6 Rc8 37. e6 Bxc6 38. e7 Bxf3 39. Rxc8 Bh5 40. g4 Bf7 41. e4 Kg6 42. e5 Kg5 43. Rc5 Kh4 44. e6 Be8 45. Rc8 Bg6 46. e8=Q Bxe8 47. Rxe8 g5 48. Kg2 b4 49. Rh8 h5 50. Rxh5# 1-0

[Event "NAYCC U08"]
[Site "Toronto CAN"]
[Date "2013.08.15"]
[Round "3"]
[White "Chor, Kevin"]
[Black "Mo, Aidan"]
[Result "1-0"]
[WhiteElo "1781"]
[BlackElo "1002"]
[PlyCount "115"]
[GameId "2160767909250284"]
[EventDate "2013.08.14"]
[EventType "swiss"]
[EventRounds "9"]
[EventCountry "CAN"]
[SourceTitle "EXT 2022"]
[Source "ChessBase"]
[SourceDate "2021.10.06"]
[SourceVersion "1"]
[SourceVersionDate "2021.10.06"]
[SourceQuality "1"]

1. e4 c5 2. Nf3 Nc6 3. d4 cxd4 4. Nxd4 Nf6 5. Nc3 e5 6. Ndb5 d6 7. Bg5 a6 8. Na3 b5 9. Nd5 Be7 10. Bxf6 Bxf6 11. c3 O-O 12. Be2 Bb7 13. O-O Bg5 14. Nc2 Ne7 15. Nxe7+ Qxe7 16. Bf3 f5 17. exf5 Rxf5 18. Bd5+ Kh8 19. Bxb7 Qxb7 20. Qxd6 Bf4 21. Rad1 h6 22. Qd7 Rh5 23. h3 Qe4 24. Qd5 Qxd5 25. Rxd5 Rg5 26. Rfd1 Kh7 27. Kf1 Kg6 28. g3 Bxg3 29. fxg3 Rxg3 30. Rxe5 Rf8+ 31. Ke1 Rg1+ 32. Kd2 Rd8+ 33. Nd4 Rxd1+ 34. Kxd1 Rd6 35. Re6+ Rxe6 36. Nxe6 Kf5 37. Nxg7+ Kg5 38. Ne6+ Kh4 39. Nc5 a5 40. Nb7 Kxh3 41. Nxa5 Kg2 42. Ke2 h5 43. Nb3 h4 44. Nd4 h3 45. Nf3 h2 46. Nxh2 Kxh2 47. a4 bxa4 48. c4 Kg3 49. c5 Kf4 50. c6 Ke4 51. c7 Kd4 52. c8=Q Ke4 53. Qc5 Kf4 54. Qd5 Kg4 55. Qe5 Kh3 56. Kf3 Kh4 57. Qf5 a3 58. Qg4# 1-0

[Event "NAYCC U08"]
[Site "Toronto CAN"]
[Date "2013.08.15"]
[Round "3"]
[White "Doknjas, Neil"]
[Black "Gan, David"]
[Result "1-0"]
[WhiteElo "1281"]
[BlackElo "731"]
[PlyCount "97"]
[GameId "2160767909250285"]
[EventDate "2013.08.14"]
[EventType "swiss"]
[EventRounds "9"]
[EventCountry "CAN"]
[SourceTitle "EXT 2022"]
[Source "ChessBase"]
[SourceDate "2021.10.06"]
[SourceVersion "1"]
[SourceVersionDate "2021.10.06"]
[SourceQuality "1"]

1. e4 c5 2. Nf3 d6 3. d4 cxd4 4. Nxd4 Nf6 5. Nc3 a6 6. f3 b5 7. Be3 e5 8. Nb3 Be7 9. Qd2 Bb7 10. g4 Bc6 11. g5 Nh5 12. O-O-O a5 13. Nd5 Nd7 14. Nxe7 Qxe7 15. Qxd6 Qxd6 16. Rxd6 a4 17. Rxc6 axb3 18. cxb3 Rb8 19. Ba7 Rb7 20. Rc8+ Ke7 21. Rxh8 Rxa7 22. Rxh7 g6 23. Bxb5 Rxa2 24. Kb1 Ra5 25. Bxd7 Kxd7 26. Rxf7+ Ke6 27. Rc7 Ra6 28. Rhc1 Nf4 29. R7c6+ Rxc6 30. Rxc6+ Kd7 31. Rc5 Kd6 32. b4 Nd3 33. Rc4 Nf4 34. b5 Ne6 35. Rc6+ Kd7 36. Rxe6 Kxe6 37. Kc2 Kd7 38. Kc3 Kd6 39. Kc4 Kc7 40. Kc5 Kd7 41. Kb6 Ke7 42. Kc7 Kf7 43. Kd7 Kg7 44. Ke7 Kh7 45. b6 Kg7 46. b7 Kh7 47. Kf7 Kh8 48. b8=Q+ Kh7 49. Qg8# 1-0